[Event "Skalica Rapid 2020"]
[Site "Skalica"]
[Date "2020.08.29"]
[Round "7.12"]
[White "Beres, Tomas"]
[Black "Jancovic, Peter"]
[Result "0-1"]
[WhiteElo "1956"]
[BlackElo "2271"]
[Annotator "TA"]
[PlyCount "70"]
[EventDate "2020.08.29"]
[EventType "swiss"]
[EventCountry "SVK"]
[SourceTitle "playchess.com"]
[Source "ChessBase"]
[SourceQuality "1"]

{[%evp 12,70,23,-12,10,0,326,315,322,321,301,-25,-29,-97,-89,-155,-156,-146,-139,-377,-365,-406,-393,-416,-412,-414,-414,-402,-404,-402,-387,-716,-712,-741,-632,-644,-22,-1100,-1055,-1047,-1043,-1020,-1005,-893,-998,-983,-960,-886,-863,-787,-699,-1919,-1919,-1884,-1831,-1844,-1836,-1700,-1643,-1446,-1293]} 1. e4 c5 2. Nf3 d6 3. d4 cxd4 4. Nxd4 Nf6 5. Nc3 a6 6. Bg5 e6 7. Qe2 b5 {B95: Sicilian Najdorf: 6 Bg5 e6, unusual White 7th moves.} 8. O-O-O {Threatens to win with e5.} Bb7 $2 {[%mdl 8192] [#]} (8... b4 $11 {and Black stays safe.} 9. Nb1 Nbd7) 9. e5 $146 ({Predecessor:} 9. f4 Be7 10. e5 dxe5 11. fxe5 Nd5 12. Bxe7 Nxc3 {1-0 (12) Kozlov,V-Grashin,M Zelenograd 2013}) 9... dxe5 {[#]White has a decisive advantage.} 10. Nxe6 $1 {[%mdl 512]} Qb6 (10... fxe6 11. Rxd8+) 11. Nd4 $2 (11. Rd8+ Ke7 $16) (11. Nxf8 $18 Qc7 12. f4) 11... Nbd7 $11 {[%cal Bb8d7,Bd7f6,Bf6e4,Be4c3,Bc3d1][%mdl 32]} 12. Nf5 (12. Kb1 $11 {keeps the balance.}) 12... Qe6 $36 {[%mdl 2048] Black is on the roll. Black continues to play with concentration.} 13. Ne3 ({Better is} 13. Bxf6 Nxf6 14. Ne3) 13... Bb4 {aiming for ...Bxc3.} 14. Bxf6 Nxf6 15. Nxb5 $2 (15. Qd3 $17 {might work better.}) 15... O-O $19 ({Not} 15... Qxa2 16. Nc7+ Kf8 17. c3 $15) 16. Nc3 Bxc3 17. bxc3 {intending Qc4.} Qxa2 {( -> ...Ne4)} 18. Qc4 Qa3+ 19. Kd2 Ne4+ 20. Ke1 Nxc3 21. Rd3 $2 (21. Qb3 Qxb3 22. cxb3 Nxd1 23. Kxd1) 21... Rac8 22. Qb3 Qa1+ 23. Nd1 Rfd8 $2 ({Black should try} 23... Nxd1 $19 24. Rxd1 Qa5+ 25. Ke2 Rfd8) 24. f3 $2 {[%mdl 8192]} (24. Qxc3 $11 Qxc3+ 25. Nxc3 Rxd3 26. Bxd3 Rxc3 27. Kd2) 24... Nxd1 {Black is clearly winning.} 25. Qxb7 Nb2+ 26. Kf2 Rxc2+ 27. Kg3 Nxd3 28. Bxd3 Qxh1 29. Bxc2 {[%mdl 4096] Endgame KQR-KQB} Qe1+ 30. Kh3 Qc3 31. Bb3 Qc8+ 32. Qxc8 Rxc8 33. Kg3 a5 {[%cal Ba6a5,Ba5a4][%mdl 32]} 34. Kf2 Rc3 35. Bd5 a4 {Accuracy: White = 39%, Black = 86%.} 0-1

[Event "Skalica Rapid 2020"]
[Site "Skalica"]
[Date "2020.08.29"]
[Round "7.13"]
[White "Takacs Laszlo"]
[Black "Beres, Dominik"]
[Result "1-0"]
[WhiteElo "2128"]
[BlackElo "1962"]
[Annotator "ChessBase"]
[PlyCount "85"]
[EventDate "2020.08.29"]
[EventType "swiss"]
[EventCountry "SVK"]
[SourceTitle "playchess.com"]
[Source "ChessBase"]
[SourceQuality "1"]
[TimeControl "600+5"]

1. e4 {[%emt 0:00:00]} d6 {[%emt 0:00:00]} 2. d4 {[%emt 0:00:01]} c6 {[%emt 0:00:00]} 3. Nc3 {[%emt 0:00:01]} Qc7 {[%emt 0:00:00]} 4. Be3 {[%emt 0:00:02]} e5 {[%emt 0:00:00]} 5. Qd2 {[%emt 0:00:04]} Nd7 {[%emt 0:00:02]} 6. O-O-O {[%emt 0:00:04]} Ngf6 {[%emt 0:00:01]} 7. f3 {[%emt 0:00:03]} b5 {[%emt 0:00:01]} 8. g4 {[%emt 0:00:02]} Be7 {[%emt 0:00:07]} 9. h4 {[%emt 0:00:02]} O-O {[%emt 0:00:08]} 10. h5 {[%emt 0:00:02]} b4 {[%emt 0:00:04]} 11. Nce2 {[%emt 0:00:10]} c5 {[%emt 0:00:05]} 12. dxc5 {[%emt 0:00:18]} dxc5 {[%emt 0:00:00]} 13. g5 {[%emt 0:00:03]} Ne8 {[%emt 0:00:00]} 14. Ng3 {[%emt 0:00:11]} c4 {[%emt 0:00:03]} 15. Nf5 {[%emt 0:00:20]} Nb6 {[%emt 0:00:19]} 16. Nxe7+ {[%emt 0:00:26]} Qxe7 {[%emt 0:00:01]} 17. Qd8 {[%emt 0:00:08]} Qb7 {[%emt 0:01:20]} 18. Bc5 {[%emt 0:00:22]} Be6 {[%emt 0:00:33]} 19. Qe7 {[%emt 0:02:09]} Nc7 {[%emt 0:00:19]} 20. Bxb4 {[%emt 0:00:05]} Rfe8 {[%emt 0:00:26]} 21. Qd6 {[%emt 0:00:12]} Nb5 {[%emt 0:00:11]} 22. Qxe5 {[%emt 0:00:24]} Na4 {[%emt 0:00:41]} 23. h6 {[%emt 0:00:31]} f6 {[%emt 0:00:34]} 24. gxf6 {[%emt 0:00:05]} g6 {[%emt 0:00:38]} 25. f7+ {[%emt 0:00:25]} Qxf7 {[%emt 0:00:09]} 26. Qxb5 {[%emt 0:00:05]} Nxb2 {[%emt 0:00:06]} 27. Kxb2 {[%emt 0:01:34]} a5 {[%emt 0:00:29]} 28. Bd6 {[%emt 0:01:33]} Ra7 {[%emt 0:00:44]} 29. Qe5 {[%emt 0:00:30]} c3+ {[%emt 0:00:38]} 30. Qxc3 {[%emt 0:00:08]} Bxa2 {[%emt 0:00:26]} 31. Qg7+ {[%emt 0:00:07]} Qxg7+ {[%emt 0:00:08]} 32. hxg7 {[%emt 0:00:02]} Be6 {[%emt 0:00:11]} 33. Nh3 {[%emt 0:00:20]} Rb7+ {[%emt 0:00:10]} 34. Kc1 {[%emt 0:00:01]} Ba2 {[%emt 0:00:25]} 35. Nf4 {[%emt 0:00:37]} Kxg7 {[%emt 0:00:54]} 36. Bd3 {[%emt 0:00:25]} a4 {[%emt 0:01:16]} 37. Kd2 {[%emt 0:00:03]} Bf7 {[%emt 0:00:37]} 38. Ra1 {[%emt 0:00:04]} Ra7 {[%emt 0:00:09]} 39. Bc5 {[%emt 0:00:03]} Raa8 {[%emt 0:00:10]} 40. Bd4+ {[%emt 0:00:02]} Kg8 {[%emt 0:00:05]} 41. Rxh7 {[%emt 0:00:05]} Kf8 {[%emt 0:01:05]} 42. Bc5+ {[%emt 0:00:02]} Kg8 {[%emt 0:00:02]} 43. Rah1 {[%emt 0:00:02]} 1-0

[Event "Skalica Rapid 2020"]
[Site "Skalica"]
[Date "2020.08.29"]
[Round "7.14"]
[White "Majoros, Rozsa Evelin"]
[Black "Danada, Tomas"]
[Result "0-1"]
[WhiteElo "1936"]
[BlackElo "2122"]
[Annotator "ChessBase"]
[PlyCount "88"]
[EventDate "2020.08.29"]
[EventType "swiss"]
[EventCountry "SVK"]
[SourceTitle "playchess.com"]
[Source "ChessBase"]
[SourceQuality "1"]
[TimeControl "600+5"]

1. e4 {[%emt 0:00:00]} c5 {[%emt 0:00:00]} 2. Nf3 {[%emt 0:00:02]} Nc6 {[%emt 0:00:04]} 3. d4 {[%emt 0:00:02]} cxd4 {[%emt 0:00:01]} 4. Nxd4 {[%emt 0:00:02]} Nf6 {[%emt 0:00:03]} 5. Nc3 {[%emt 0:00:01]} d6 {[%emt 0:00:01]} 6. f3 {[%emt 0:00:02]} e5 {[%emt 0:00:04]} 7. Nb3 {[%emt 0:00:02]} Be7 {[%emt 0:00:02]} 8. Be3 {[%emt 0:00:07]} O-O {[%emt 0:00:03]} 9. a4 {[%emt 0:00:03]} a5 {[%emt 0:00:10]} 10. Bb5 {[%emt 0:00:04]} Be6 {[%emt 0:00:07]} 11. Qd2 {[%emt 0:00:21]} Na7 {[%emt 0:00:12]} 12. Bxa7 {[%emt 0:00:02]} Rxa7 {[%emt 0:00:02]} 13. O-O-O {[%emt 0:00:07]} Qb6 {[%emt 0:00:09]} 14. Kb1 {[%emt 0:00:21]} Rd8 {[%emt 0:00:09]} 15. Nd5 {[%emt 0:00:23]} Nxd5 {[%emt 0:00:39]} 16. exd5 {[%emt 0:00:02]} Bf5 {[%emt 0:00:18]} 17. g4 {[%emt 0:00:11]} Bg6 {[%emt 0:00:02]} 18. Nc1 {[%emt 0:00:30]} Raa8 {[%emt 0:00:10]} 19. h4 {[%emt 0:00:09]} Rac8 {[%emt 0:00:07]} 20. Nd3 {[%emt 0:00:04]} h6 {[%emt 0:00:31]} 21. Rc1 {[%emt 0:01:09]} Qd4 {[%emt 0:00:14]} 22. Qxa5 {[%emt 0:00:30]} e4 {[%emt 0:00:04]} 23. fxe4 {[%emt 0:00:27]} Bxe4 {[%emt 0:00:01]} 24. Rh2 {[%emt 0:00:55]} Bf6 {[%emt 0:00:21]} 25. Qb4 {[%emt 0:00:25]} Qe3 {[%emt 0:01:37]} 26. Re1 {[%emt 0:00:25]} Qg3 {[%emt 0:00:02]} 27. Rhe2 {[%emt 0:00:29]} Bxd5 {[%emt 0:00:11]} 28. h5 {[%emt 0:00:33]} Bf3 {[%emt 0:00:26]} 29. Re8+ {[%emt 0:00:39]} Rxe8 {[%emt 0:00:23]} 30. Rxe8+ {[%emt 0:00:02]} Rxe8 {[%emt 0:00:01]} 31. Bxe8 {[%emt 0:00:01]} Qg1+ {[%emt 0:00:49]} 32. Nc1 {[%emt 0:02:02]} Bg5 {[%emt 0:00:22]} 33. Bxf7+ {[%emt 0:00:28]} Kxf7 {[%emt 0:01:40]} 34. Qb3+ {[%emt 0:00:02]} Ke8 {[%emt 0:00:24]} 35. Qg8+ {[%emt 0:00:38]} Kd7 {[%emt 0:00:09]} 36. Qf7+ {[%emt 0:00:31]} Kc8 {[%emt 0:00:12]} 37. Qf8+ {[%emt 0:00:16]} Kc7 {[%emt 0:00:17]} 38. Qxg7+ {[%emt 0:00:19]} Kb6 {[%emt 0:00:10]} 39. a5+ {[%emt 0:00:17]} Ka7 {[%emt 0:00:05]} 40. Qc7 {[%emt 0:00:16]} Bd5 {[%emt 0:01:10]} 41. b3 {[%emt 0:00:13]} Bxc1 {[%emt 0:00:56]} 42. Ka2 {[%emt 0:00:07]} Qc5 {[%emt 0:00:13]} 43. Qxc5+ {[%emt 0:00:09]} dxc5 {[%emt 0:00:02]} 44. Kb1 {[%emt 0:00:03]} Bd2 {[%emt 0:00:03]} 0-1

[Event "Skalica Rapid 2020"]
[Site "Skalica"]
[Date "2020.08.29"]
[Round "7.15"]
[White "Chlpek, Daniel"]
[Black "Bombek, Peter"]
[Result "0-1"]
[WhiteElo "1879"]
[BlackElo "2090"]
[Annotator "TA"]
[PlyCount "56"]
[EventDate "2020.08.29"]
[EventType "swiss"]
[EventCountry "SVK"]
[SourceTitle "playchess.com"]
[Source "ChessBase"]
[SourceQuality "1"]

{[%evp 9,56,17,126,20,22,18,35,20,37,39,43,7,25,7,24,15,11,9,12,10,14,0,0,-6,0,3,5,-7,0,-22,-26,-35,0,0,0,0,9,0,0,0,31,0,0,0,-8,-7,0,0,12]} 1. c4 e6 2. Nc3 d5 3. d4 Be7 4. cxd5 exd5 5. Bf4 Bd6 (5... Nf6 $11) 6. Bxd6 {D31: Queen's Gambit Declined: Semi-Slav without ...Nf6 (+ Marshall Gambit and Noteboom) and Exchange Variation lines without ...Nf6.} (6. Nxd5 $16 Nc6 7. Nf3) 6... Qxd6 $11 7. Nf3 c6 8. e3 {White is slightly better.} Nf6 9. Bd3 Bg4 10. Qc2 (10. h3 $5 {[%cal Rh3g4]} Bxf3 11. Qxf3 $11) 10... Nbd7 11. O-O-O {[#]} Qc7 $146 ({Predecessor:} 11... O-O-O 12. Nb5 Qb8 13. Kb1 Ne8 14. Rc1 Nd6 15. Nc3 Nb6 16. Ne5 Bh5 17. Bf5+ Kc7 18. Nb5+ Nxb5 19. Nxc6 Qa8 20. Nxa7+ Kb8 21. Nxb5 {1-0 (21) Rubel,J (2125)-Zier,O (1895) Friedrichroda 2007}) 12. h3 (12. Kb1 {seems wilder.} O-O-O 13. Rc1 Kb8 14. Nb5 Qb6 15. Nd6) 12... Bxf3 13. gxf3 O-O-O 14. Kb1 Kb8 15. Rhg1 g6 16. f4 Rhe8 17. Be2 Nb6 18. b3 Nc8 19. Bf3 Nd6 20. Rg5 Nfe4 (20... Qd7 {is more complex.} 21. Rh1 Nf5 22. Rgg1 Qe7 23. Bg4 Nd6) 21. Bxe4 Nxe4 22. Nxe4 Rxe4 23. Rdg1 Qd6 24. Re5 Re8 25. Rgg5 f6 {The position is equal.} 26. Rxe8+ Rxe8 27. Rg3 Qe6 28. Kb2 f5 {[%mdl 32768] Accuracy: White = 80%, Black = 89%. . Loss on time!?} 0-1

[Event "Skalica Rapid 2020"]
[Site "Skalica"]
[Date "2020.08.29"]
[Round "7.16"]
[White "Stevik Patrik"]
[Black "Blaho, Stefan"]
[Result "1-0"]
[WhiteElo "1895"]
[BlackElo "2090"]
[Annotator "NA"]
[PlyCount "85"]
[EventDate "2020.08.29"]
[EventType "swiss"]
[EventCountry "SVK"]
[SourceTitle "playchess.com"]
[Source "ChessBase"]
[SourceQuality "1"]
[TimeControl "600+5"]

1. b3 {[%emt 0:00:00]} d5 {[%emt 0:00:49]} 2. Bb2 {[%emt 0:00:00]} Bf5 {[%emt 0:00:09]} 3. e3 {[%emt 0:00:15]} e6 {[%emt 0:00:17]} 4. Be2 {[%emt 0:00:13]} Nf6 {[%emt 0:00:04]} 5. Nf3 {[%emt 0:00:05]} h6 {[%emt 0:00:09]} 6. O-O {[%emt 0:00:04]} c5 {[%emt 0:00:16]} 7. c4 {[%emt 0:00:05]} dxc4 {[%emt 0:00:53]} 8. Bxc4 {[%emt 0:00:11]} Bd3 {[%emt 0:00:15]} 9. Bxd3 {[%emt 0:00:01]} Qxd3 {[%emt 0:00:05]} 10. Ne5 {[%emt 0:00:01]} Qd5 {[%emt 0:00:04]} 11. d4 {[%emt 0:00:07]} cxd4 {[%emt 0:00:22]} 12. Bxd4 {[%emt 0:00:01]} Bd6 {[%emt 0:00:49]} 13. Nc3 {[%emt 0:00:07]} Qa5 {[%emt 0:00:01]} 14. Nc4 {[%emt 0:00:05]} Qd8 {[%emt 0:00:05]} 15. Bxf6 {[%emt 0:00:05]} Bxh2+ {[%emt 0:00:35]} 16. Kxh2 {[%emt 0:00:02]} Qxf6 {[%emt 0:00:01]} 17. Qd4 {[%emt 0:00:26]} Qxd4 {[%emt 0:00:16]} 18. exd4 {[%emt 0:00:01]} Nc6 {[%emt 0:00:11]} 19. d5 {[%emt 0:00:01]} exd5 {[%emt 0:00:02]} 20. Nxd5 {[%emt 0:00:01]} O-O {[%emt 0:00:01]} 21. Rad1 {[%emt 0:00:11]} Rad8 {[%emt 0:00:12]} 22. Nde3 {[%emt 0:00:08]} b5 {[%emt 0:00:17]} 23. Nd6 {[%emt 0:00:06]} Rd7 {[%emt 0:00:18]} 24. Nxb5 {[%emt 0:00:03]} Rfd8 {[%emt 0:00:07]} 25. Rxd7 {[%emt 0:00:01]} Rxd7 {[%emt 0:00:01]} 26. Rd1 {[%emt 0:00:01]} Rb7 {[%emt 0:00:01]} 27. Nd6 {[%emt 0:00:04]} Rd7 {[%emt 0:00:03]} 28. Ne4 {[%emt 0:00:03]} Re7 {[%emt 0:00:04]} 29. Nc5 {[%emt 0:00:03]} Ne5 {[%emt 0:00:07]} 30. Nf5 {[%emt 0:00:10]} Rc7 {[%emt 0:00:04]} 31. b4 {[%emt 0:00:13]} Kh7 {[%emt 0:00:26]} 32. f4 {[%emt 0:00:15]} Nc4 {[%emt 0:00:24]} 33. Rd7 {[%emt 0:00:08]} Rxd7 {[%emt 0:00:07]} 34. Nxd7 {[%emt 0:00:01]} g6 {[%emt 0:00:11]} 35. Nf6+ {[%emt 0:00:16]} Kh8 {[%emt 0:00:03]} 36. Nxh6 {[%emt 0:00:03]} Kg7 {[%emt 0:00:08]} 37. Nhg4 {[%emt 0:00:01]} a6 {[%emt 0:00:12]} 38. Kg3 {[%emt 0:00:08]} Na3 {[%emt 0:00:11]} 39. Nd5 {[%emt 0:00:13]} Nb5 {[%emt 0:00:10]} 40. a4 {[%emt 0:00:04]} Nd4 {[%emt 0:00:01]} 41. Nc7 {[%emt 0:00:08]} Nf5+ {[%emt 0:00:17]} 42. Kf2 {[%emt 0:00:03]} Nd6 {[%emt 0:00:04]} 43. Nxa6 {[%emt 0:00:04]} 1-0

[Event "Skalica Rapid 2020"]
[Site "Skalica"]
[Date "2020.08.29"]
[Round "7.17"]
[White "Romanova Ela"]
[Black "Skreno Vladimir"]
[Result "0-1"]
[WhiteElo "1367"]
[BlackElo "2089"]
[Annotator "ChessBase"]
[PlyCount "27"]
[EventDate "2020.08.29"]
[EventType "swiss"]
[EventCountry "SVK"]
[SourceTitle "playchess.com"]
[Source "ChessBase"]
[SourceQuality "1"]
[TimeControl "600+5"]

1. e4 {[%emt 0:00:00]} c5 {[%emt 0:00:00]} 2. Nf3 {[%emt 0:00:00]} Nc6 {[%emt 0:00:01]} 3. Bb5 {[%emt 0:00:01]} Nd4 {[%emt 0:00:02]} 4. Nxd4 {[%emt 0:00:06]} cxd4 {[%emt 0:00:01]} 5. c3 {[%emt 0:00:03]} a6 {[%emt 0:00:17]} 6. Be2 {[%emt 0:00:11]} dxc3 {[%emt 0:00:20]} 7. Nxc3 {[%emt 0:00:02]} d6 {[%emt 0:00:07]} 8. d4 {[%emt 0:00:04]} g6 {[%emt 0:00:05]} 9. O-O {[%emt 0:00:05]} Bg7 {[%emt 0:00:04]} 10. Be3 {[%emt 0:00:08]} Bd7 {[%emt 0:00:20]} 11. Qd2 {[%emt 0:00:15]} e6 {[%emt 0:00:11]} 12. Rfc1 {[%emt 0:00:27]} Ne7 {[%emt 0:00:02]} 13. Bf4 {[%emt 0:00:08]} O-O {[%emt 0:00:06]} 14. Bh6 {[%emt 0:00:05]} 0-1

[Event "Skalica Rapid 2020"]
[Site "Skalica"]
[Date "2020.08.29"]
[Round "7.18"]
[White "Sarmir Milos"]
[Black "Gzib, David"]
[Result "1-0"]
[WhiteElo "2059"]
[BlackElo "1770"]
[Annotator "ChessBase"]
[PlyCount "75"]
[EventDate "2020.08.29"]
[EventType "swiss"]
[EventCountry "SVK"]
[SourceTitle "playchess.com"]
[Source "ChessBase"]
[SourceQuality "1"]
[TimeControl "600+5"]

1. e4 {[%emt 0:00:00]} c5 {[%emt 0:00:00]} 2. Nf3 {[%emt 0:00:00]} d6 {[%emt 0:00:00]} 3. c3 {[%emt 0:00:03]} g6 {[%emt 0:00:18]} 4. d4 {[%emt 0:00:02]} cxd4 {[%emt 0:00:01]} 5. cxd4 {[%emt 0:00:01]} Bg7 {[%emt 0:00:06]} 6. Nc3 {[%emt 0:00:02]} Nc6 {[%emt 0:00:02]} 7. Bb5 {[%emt 0:00:11]} a6 {[%emt 0:00:07]} 8. Ba4 {[%emt 0:00:11]} b5 {[%emt 0:00:09]} 9. Bb3 {[%emt 0:00:02]} Nf6 {[%emt 0:00:09]} 10. a3 {[%emt 0:00:19]} Bb7 {[%emt 0:00:16]} 11. O-O {[%emt 0:00:10]} O-O {[%emt 0:00:03]} 12. Bg5 {[%emt 0:00:13]} Na5 {[%emt 0:00:18]} 13. Bc2 {[%emt 0:00:04]} Nc4 {[%emt 0:00:05]} 14. Rb1 {[%emt 0:00:40]} Rc8 {[%emt 0:00:14]} 15. Qe2 {[%emt 0:00:04]} Nxa3 {[%emt 0:00:14]} 16. bxa3 {[%emt 0:00:25]} Rxc3 {[%emt 0:00:03]} 17. a4 {[%emt 0:00:07]} Rxc2 {[%emt 0:00:22]} 18. Qxc2 {[%emt 0:00:09]} Bxe4 {[%emt 0:00:02]} 19. Qb3 {[%emt 0:00:09]} Bxb1 {[%emt 0:00:08]} 20. Rxb1 {[%emt 0:00:02]} bxa4 {[%emt 0:01:02]} 21. Qxa4 {[%emt 0:00:01]} Ne4 {[%emt 0:00:05]} 22. Be3 {[%emt 0:00:09]} Nc3 {[%emt 0:00:16]} 23. Qc2 {[%emt 0:00:09]} Nxb1 {[%emt 0:00:06]} 24. Qxb1 {[%emt 0:00:01]} Qb8 {[%emt 0:00:10]} 25. Qa2 {[%emt 0:00:05]} Qb5 {[%emt 0:00:22]} 26. g3 {[%emt 0:00:08]} Rb8 {[%emt 0:00:10]} 27. Kg2 {[%emt 0:00:06]} d5 {[%emt 0:00:11]} 28. Qa3 {[%emt 0:00:20]} e6 {[%emt 0:00:12]} 29. Bf4 {[%emt 0:00:09]} Rc8 {[%emt 0:00:17]} 30. Qe7 {[%emt 0:00:23]} Qe8 {[%emt 0:01:45]} 31. Qb7 {[%emt 0:00:11]} Qc6 {[%emt 0:00:02]} 32. Qe7 {[%emt 0:00:22]} Re8 {[%emt 0:00:24]} 33. Qa7 {[%emt 0:00:08]} Kf8 {[%emt 0:01:21]} 34. Ng5 {[%emt 0:00:37]} Kg8 {[%emt 0:01:04]} 35. Qxf7+ {[%emt 0:00:09]} Kh8 {[%emt 0:00:01]} 36. Be5 {[%emt 0:00:12]} Rg8 {[%emt 0:00:45]} 37. Bxg7+ {[%emt 0:00:08]} Rxg7 {[%emt 0:00:01]} 38. Qf8+ {[%emt 0:00:02]} 1-0